000 00518nam a22001697a 4500
005 20260218162652.0
008 260218b |||||||| |||| 00| 0 eng d
020 _a9789387791275
040 _cVITAP
082 _223rd Ed.
_a793.73 PRA
100 _aPrasad, Veena
_917130
245 _aCross Word for You
_c/ Veena Prasad
260 _aChennai
_bTHG (The Hindu Group) Publishing Private Limited
_c2024
300 _a125p. : ill. ; 23cm
650 0 _aCrossword puzzles; Word games; Puzzles
_917131
942 _2ddc
_cBK
999 _c47297
_d47297